000 00752nam a2200205 i 4500
001 74356
003 ES-MaACL
005 20250803064500.0
007 t|
008 040917s1970 sp f |||| |dspa d
100 1 _aGonzález y Gómez, Simón.
_959029
245 1 0 _aBécquer, Veruela y el Somontano del Moncayo /
_cSimón González y Gómez.
260 _aZaragoza :
_b[Caja de Ahorros y Monte de Piedad de Zaragoza, Aragón y Rioja],
_c1970.
300 _a198 p., 6 lám. ;
_c24 cm.
600 1 4 _aBécquer, Gustavo Adolfo,
_d1836-1870-
_xBiografías
_926975
610 2 4 _aMonasterio de Veruela.
_9172835
710 2 _aCaja de Ahorros y Monte de Piedad de Zaragoza, Aragón y Rioja.
_92326
852 _aES-MaACL
_jC-37867
999 _c74356
_d74356